000 00785cam a2200241 4500
001 000019237
005 20200929165946.0
008 731121s1972 enkabc 001 0beng
020 _a0002119420
035 _a(DLC) 73176186
040 _aDO-SdBNP
_cDLC
_dDLC
_dBNPHU
050 0 0 _aE199
_b.W27 1972
100 1 _aWarner, Oliver,
_d1903-1976.
_941393
245 1 0 _aWith Wolfe to Quebec :
_bthe path to glory.
260 _aToronto :
_bCollins,
_c1972.
300 _a224 p. :
_bil., mapas., retrs. ;
_c24 cm.
500 _aIncluye índice de imágenes.
500 _aIncluye índice alfabético
650 0 _aQuebec campaign, 1759.
_941394
600 1 0 _aWOLFES, JAMES,
_d1727-1759
_xMilitary leadership.
_941395
910 _aCatalogación derivada / LC
082 0 0 _a971.01/88/0924
_aB
999 _c18755
_d18755